<?xml version="1.0" encoding="UTF-8"?>
<record
    xmlns:xsi="http://www.w3.org/2001/XMLSchema-instance"
    xsi:schemaLocation="http://www.loc.gov/MARC21/slim http://www.loc.gov/standards/marcxml/schema/MARC21slim.xsd"
    xmlns="http://www.loc.gov/MARC21/slim">

  <leader>01342nam a22002537a 4500</leader>
  <datafield tag="999" ind1=" " ind2=" ">
    <subfield code="c">22168</subfield>
    <subfield code="d">22168</subfield>
  </datafield>
  <controlfield tag="003">AR-CdUCM</controlfield>
  <controlfield tag="008">190425b           ||||| |||| 00| 0 spa d</controlfield>
  <datafield tag="040" ind1=" " ind2=" ">
    <subfield code="a">MUNICIPALIDAD PROVINCIAL DEL CUSCO</subfield>
    <subfield code="c">BIBLIOTECA MUNICIPAL DEL CUSCO</subfield>
  </datafield>
  <datafield tag="082" ind1=" " ind2=" ">
    <subfield code="a">Oropesa/N&#xB0;53/2005</subfield>
  </datafield>
  <datafield tag="245" ind1=" " ind2=" ">
    <subfield code="a">Oropesa :</subfield>
    <subfield code="b">revista de cultura y educaci&#xF3;n de opini&#xF3;n y cr&#xED;tica /</subfield>
    <subfield code="c">Am&#xE9;rico Valer Vargas, Director</subfield>
  </datafield>
  <datafield tag="260" ind1=" " ind2=" ">
    <subfield code="a">Cusco.</subfield>
    <subfield code="b">Pantigozo,</subfield>
    <subfield code="c">2005.</subfield>
  </datafield>
  <datafield tag="300" ind1=" " ind2=" ">
    <subfield code="a">22 p&#xE1;ginas. :</subfield>
    <subfield code="b">ilustraciones ;</subfield>
    <subfield code="c">30 cm.</subfield>
  </datafield>
  <datafield tag="440" ind1=" " ind2=" ">
    <subfield code="a">Oropesa.</subfield>
    <subfield code="n">A&#xF1;o XXIV, N&#xB0;LIII, febrero 2005.</subfield>
    <subfield code="9">47587</subfield>
  </datafield>
  <datafield tag="505" ind1=" " ind2=" ">
    <subfield code="a">Contenido: Oropesa festeja su CXLIV Aniversario como Distrito. -- Urin y Hanan dualismo filos&#xF3;fico andino. -- El Pujllay del Chiaraje. -- La panificaci&#xF3;n una actividad tradicional de los Oropesinos. -- La realidad del Distrito de Oropesa al cumplir 144 a&#xF1;os. -- Marquesado de Valleumbroso de Oropesa. Washington Canal Astete. -- Importancia de los Humedales. Efra&#xED;n Canal Astete. -- Circuito tur&#xED;stico del Marquesado de Oropesa. Carmelo Baca Calla.</subfield>
  </datafield>
  <datafield tag="650" ind1=" " ind2=" ">
    <subfield code="a">Pol&#xED;tica cusque&#xF1;a</subfield>
    <subfield code="9">47381</subfield>
  </datafield>
  <datafield tag="650" ind1=" " ind2=" ">
    <subfield code="a">Cultura andina</subfield>
    <subfield code="9">47570</subfield>
  </datafield>
  <datafield tag="650" ind1=" " ind2=" ">
    <subfield code="a">Sociedad cusque&#xF1;a</subfield>
    <subfield code="9">47493</subfield>
  </datafield>
  <datafield tag="650" ind1=" " ind2=" ">
    <subfield code="a">Siglo XX</subfield>
    <subfield code="9">47561</subfield>
  </datafield>
  <datafield tag="700" ind1=" " ind2=" ">
    <subfield code="a">Valenzuela Lov&#xF3;n, Armando</subfield>
    <subfield code="9">1192</subfield>
  </datafield>
  <datafield tag="700" ind1=" " ind2=" ">
    <subfield code="a">Saloma Gonz&#xE1;les, Adolfo</subfield>
    <subfield code="9">47572</subfield>
  </datafield>
  <datafield tag="700" ind1=" " ind2=" ">
    <subfield code="a">Valer Vargas, Alejandro</subfield>
    <subfield code="9">47563</subfield>
  </datafield>
  <datafield tag="942" ind1=" " ind2=" ">
    <subfield code="2">ddc</subfield>
    <subfield code="c">PP</subfield>
  </datafield>
  <datafield tag="945" ind1=" " ind2=" ">
    <subfield code="a">rac</subfield>
  </datafield>
  <datafield tag="952" ind1=" " ind2=" ">
    <subfield code="0">0</subfield>
    <subfield code="2">ddc</subfield>
    <subfield code="4">0</subfield>
    <subfield code="7">0</subfield>
    <subfield code="a">HEM</subfield>
    <subfield code="b">HEM</subfield>
    <subfield code="c">CART</subfield>
    <subfield code="d">2022-03-17</subfield>
    <subfield code="g">5.00</subfield>
    <subfield code="o">Oropesa/N&#xB0;53/2005</subfield>
    <subfield code="p">REVC000808</subfield>
    <subfield code="r">2022-03-17</subfield>
    <subfield code="y">PP</subfield>
  </datafield>
</record>
